Tottenham Hotspur 2018/2019 Roster - Statistiques

Statistiques générales
  • Ce quiz a été pris 46 fois
  • Le résultat moyen est 20 sur 29
Statistiques - réponses
Poste Pays Joueur % Correct
Gardien - G France Lloris
100%
Défenseur - RB Ivory Coast Aurier
90%
Attaquant - LW South Korea Son
90%
Attaquant - ST England Kane
88%
Défenseur - CB Belgium Vertonghen
88%
Défenseur - CB Belgium Alderweireld
86%
Milieu - CAM Denmark Eriksen
86%
Milieu - CAM England Alli
83%
Attaquant - RW Brazil Lucas
81%
Défenseur - LB Wales Davies
79%
Milieu - CM Belgium Dembele
79%
Défenseur - CB Colombia Sanchez
79%
Milieu - CM France Sissoko
79%
Milieu - RM Argentina Lamela
76%
Défenseur - CB England Dier
74%
Gardien - G Argentina Gazzaniga
71%
Attaquant - ST Spain Llorente
71%
Défenseur - LB England Rose
71%
Défenseur - RB England Trippier
71%
Milieu - CDM Kenya Wanyama
71%
Milieu - CM England Winks
71%
Défenseur - CB United States Carter-Vickers
52%
Défenseur - RB Argentina Foyth
50%
Milieu - LM Cameroon Nkoudou
50%
Gardien - G Neetherlands Vorm
50%
Milieu - CDM England Skipp
48%
Attaquant - ST Neetherlands Janssen
45%
Défenseur - RB England Walker-Peters
36%
Milieu - CDM England Amos
10%
Aucun quiz correspondant
Distribution des résultats
% des personnes avec chaque résultat
Percentile par nombre de réponses
Votre historique - résultats
Vous n’avez pas pris ce quiz